LEADER 04598nam 22008415 450 001 996465997403316 005 20200701121832.0 010 $a3-642-39200-8 024 7 $a10.1007/978-3-642-39200-9 035 $a(CKB)3710000000002605 035 $a(DE-He213)978-3-642-39200-9 035 $a(SSID)ssj0000963235 035 $a(PQKBManifestationID)11517770 035 $a(PQKBTitleCode)TC0000963235 035 $a(PQKBWorkID)10979570 035 $a(PQKB)11403110 035 $a(MiAaPQ)EBC3101089 035 $a(PPN)172427800 035 $a(EXLCZ)993710000000002605 100 $a20130708d2013 u| 0 101 0 $aeng 135 $aurnn|008mamaa 181 $ctxt$2rdacontent 182 $cc$2rdamedia 183 $acr$2rdacarrier 200 10$aWeb Engineering$b[electronic resource] $e13th International Conference, ICWE 2013, Aalborg, Denmark, July 8-12, 2013, Proceedings /$fedited by Florian Daniel, Peter Dolog, Qing Li 205 $a1st ed. 2013. 210 1$aBerlin, Heidelberg :$cSpringer Berlin Heidelberg :$cImprint: Springer,$d2013. 215 $a1 online resource (XVIII, 528 p. 185 illus.) 225 1 $aInformation Systems and Applications, incl. Internet/Web, and HCI ;$v7977 300 $aInternational conference proceedings. 311 $a3-642-39199-0 320 $aIncludes bibliographical references and author index. 327 $aWeb mining and knowledge extraction -- Semantic and linked data management -- Crawling and web research -- Model-driven web engineering -- Component-based web engineering -- Rich Internet Applications (RIAs) and client-side programming -- Web services and end-user development. 330 $aThis book constitutes the refereed proceedings of the 13th International Conference on Web Engineering, ICWE 2013, held in Aalborg, Denmark, in July 2013. The 21 full research papers, 4 industry papers, and 11 short papers presented were carefully reviewed and selected from 92 submissions. The scientific program was completed with 7 workshops, 6 demonstrations and posters. The papers cover a wide spectrum of topics, such as, among others: web mining and knowledge extraction, semantic and linked data management, crawling and web research, model-driven web engineering, component-based web engineering, Rich Internet Applications (RIAs) and client-side programming, web services, and end-user development. 410 0$aInformation Systems and Applications, incl. Internet/Web, and HCI ;$v7977 606 $aApplication software 606 $aInformation storage and retrieval 606 $aSoftware engineering 606 $aUser interfaces (Computer systems) 606 $aArtificial intelligence 606 $aInformation Systems Applications (incl. Internet)$3https://scigraph.springernature.com/ontologies/product-market-codes/I18040 606 $aInformation Storage and Retrieval$3https://scigraph.springernature.com/ontologies/product-market-codes/I18032 606 $aSoftware Engineering$3https://scigraph.springernature.com/ontologies/product-market-codes/I14029 606 $aComputer Appl. in Administrative Data Processing$3https://scigraph.springernature.com/ontologies/product-market-codes/I2301X 606 $aUser Interfaces and Human Computer Interaction$3https://scigraph.springernature.com/ontologies/product-market-codes/I18067 606 $aArtificial Intelligence$3https://scigraph.springernature.com/ontologies/product-market-codes/I21000 608 $aKongress$zA?lborg$y2013. 608 $aConference proceedings.$2fast 615 0$aApplication software. 615 0$aInformation storage and retrieval. 615 0$aSoftware engineering. 615 0$aUser interfaces (Computer systems). 615 0$aArtificial intelligence. 615 14$aInformation Systems Applications (incl. Internet). 615 24$aInformation Storage and Retrieval. 615 24$aSoftware Engineering. 615 24$aComputer Appl. in Administrative Data Processing. 615 24$aUser Interfaces and Human Computer Interaction. 615 24$aArtificial Intelligence. 676 $a006.7/8 686 $aDAT 614f$2stub 686 $aSS 4800$2rvk 702 $aDaniel$b Florian$4edt$4http://id.loc.gov/vocabulary/relators/edt 702 $aDolog$b Peter$4edt$4http://id.loc.gov/vocabulary/relators/edt 702 $aLi$b Qing$4edt$4http://id.loc.gov/vocabulary/relators/edt 801 0$bMiAaPQ 801 1$bMiAaPQ 801 2$bMiAaPQ 906 $aBOOK 912 $a996465997403316 996 $aWeb Engineering$9772638 997 $aUNISA